00000000nam##2200000za#4500
0019.670040
003CaOODSP
00520240314152355
007ta
008150407|2008||||xxc|||||     f|0| 0 fre|d
020 |a978-0-662-06030-7
040 |aCaOODSP|bfre
041 |aeng
041 |afre
043 |an-cn---
0861 |aPS4-58/2008
1101 |aCanada. |bSécurité publique Canada.
24510|aFacteurs de risque et de protection dans les familles et leurs effets sur la délinquance juvénile: qu'en savons nous?
24617|aJeunes à risque
260 |bSécurité publique Canada |cc2008.
300 |aTexte français, 6p. : |bréférences, tableaux ; |c28 cm.
563 |aCouverture souple
590 |a09-09|b2009-02-27
69107|aJeune contrevenant|2gcpds
7760#|tFacteurs de risque et de protection dans les familles et leurs effets sur la délinquance juvénile: ce que nous en savons |w(CaOODSP)9.635243
7760#|tFamily-based risk and protective factors and their effects on juvenile delinquency: what we know |w(CaOODSP)9.690899
791 |tFamily-based risk and protective factors and their effects on juvenile delinquency: what do we know? |eeng|w(CaOODSP)9.670039
986 |a2008-JR-01